00331nam a2200109Ia 4500008004000000082001600040100002700056245005300083260005200136300001200188650002100200210210b1969 xxu||||| |||| 00| 0 eng d a945.09 WISF aWISKEMANN (Elizabeth). aFascism in Italy: its development and influence. aNew york.bMacmillan, St. Mary''s Press.,c1969 avii,141 aItaly, Fascism